000 00953nam a2200337Ia 4500
003 OSt
005 20220912144621.0
006 a|||||r|||| 00| 0
007 ta
008 220909b |||||||| |||| 00| 0 eng d
020 _a9780521763240 (hbk)
020 _aSL01562041
024 _a191203
037 _b43, 22/07/2014, Vardhman Books
037 _cTextual
040 _aCSL
_beng
_cCSL
041 _aeng
082 _aB25, Q2
100 _aTent Katrin; Ziegler Martin
245 0 _aCourse in model theory
260 _aNew York
_bCambridge
_c2012
300 _ax, 248p.
500 _aReferences 235-238p.; Index 239-248p.
650 _a Countables models
650 _a Model theory
650 _a Simple theory
650 _aMathematics
700 _aTent Katrin; Ziegler Martin
942 _hB25, Q2
_cTEXL
_2CC
999 _c13725
_d13725